Internacionalizácia obchodných podnikov ako súčasť globalizačného procesu dizertačná práca

Enregistré dans:
Détails bibliographiques
Auteur principal: Matušovičová, Monika, 1967-
Collectivité auteur: Ekonomická univerzita v Bratislave. Obchodná fakulta
Autres auteurs: Čihovská, Viera
Format: Livre
Langue:slovaque
Publié: Bratislava 2006
Sujets:
Tags: Ajouter un tag
Pas de tags, Soyez le premier à ajouter un tag!

MARC

LEADER 00000nam$a2200000$$$4500
001 0100034
005 20230224102811.9
041 0 |a slo 
044 |a SK 
245 1 0 |a Internacionalizácia obchodných podnikov ako súčasť globalizačného procesu  |b dizertačná práca  |c Monika Matušovičová ; škol. Viera Čihovská 
264 1 |a Bratislava  |c 2006 
300 |a 189 s. 
610 2 0 |a globalizácia hospodárstva 
610 2 0 |a internacionalizácia ekonomiky 
610 2 0 |a podnik obchodný 
100 1 |a Matušovičová, Monika, 1967- 
700 1 |a Čihovská, Viera 
710 2 |a Ekonomická univerzita v Bratislave. Obchodná fakulta